000
00367nam a22001577a 4500
003
MPLRDC
005
20220104142931.0
008
210129b ||||| |||| 00| 0 eng d
082
_a
019 JWE c.2
100
_a
纪伟恩编著
245
_a
读书与进修
_c
260
_a
_b
新时代出版社
_c
300
_b
平
650
_a
读书法
942
_c
BK
_o
019 JWE c.2
999
_c
35027
_d
35017